| 000 | 00791cab a2200193 4500 | ||
|---|---|---|---|
| 001 | ##L133473 | ||
| 008 | 060511n2006 000 0 eng u | ||
| 035 | _a(Sirsi) u133473 | ||
| 041 | 0 | _aeng | |
| 100 | 1 | _aIves, Paul | |
| 245 | 0 | 0 |
_aLeeds offices _bheading for an oversupply? |
| 260 | _c2006 | ||
| 490 | 0 |
_aProperty Forecast _v9(4) April 2006, 12-13(2) |
|
| 520 | _aDiscusses the increase in the development of office space in Leeds since 2004 and its steady take-up. Gives facts and figures for office development schemes in terms of floor space and location. Expresses concern that there may be insufficient demand for the space in development. Table and graphs. | ||
| 590 | _aIKA230506 | ||
| 651 | 4 | _aLEEDS | |
| 690 | _aPROPERTY-COMMERCIAL PROPERTY-OFFICE PROPERTY | ||
| 942 | _n0 | ||
| 999 |
_c77027 _d77027 |
||